Las crónicas
I tiakina i:
| Kaituhi matua: | |
|---|---|
| Hōputu: | Pukapuka |
| Reo: | Pāniora |
| I whakaputaina: |
Zaragoza
Ebro
1975
|
| Rangatū: | Clásicos Españoles
|
| Ngā marau: | |
| Ngā Tūtohu: |
Tāpirihia he Tūtohu
Kāore He Tūtohu, Me noho koe te mea tuatahi ki te tūtohu i tēnei pūkete!
|
MARC
| LEADER | 00000nam a2200000 a 4500 | ||
|---|---|---|---|
| 001 | UCQ7178 | ||
| 003 | CL-VaPUC | ||
| 008 | 981031e19750000SP |||||||||||||||||spa|d | ||
| 082 | 0 | 4 | |a 946.02 |b LOP |2 21 |
| 100 | |a López de Ayala, Pedro |e autor |9 421038 | ||
| 245 | 1 | 4 | |a Las crónicas |
| 300 | |a 152 p | ||
| 942 | |c BK | ||
| 945 | |d 19981031 00:00:00 |a crobeson | ||
| 260 | |a Zaragoza |b Ebro |c 1975 | ||
| 650 | 0 | |a Historia de España |9 315435 | |
| 651 | 0 | |a España |9 254926 | |
| 583 | |a last modification |c 19981031 00:00:00 |k Rodrigo Vera | ||
| 490 | 0 | |a Clásicos Españoles | |
| 999 | |c 276936 |d 276934 | ||
| 952 | |0 0 |1 0 |4 0 |6 946_020000000000000_LOP_1975 |7 0 |8 A |9 314555 |a BIBEDU |b BIBEDU |d 2019-11-20 |i 1487272 |o 946.02 LOP 1975 |p 1487272 |r 2019-11-20 |w 2019-11-20 |y BK |k LIT | ||